Management des organisations (Record no. 46392)

MARC details
000 -LEADER
fixed length control field 00720nam a22002537a 4500
003 - CONTROL NUMBER IDENTIFIER
control field 0
005 - DATE AND TIME OF LATEST TRANSACTION
control field 20160609165117.0
008 - FIXED-LENGTH DATA ELEMENTS--GENERAL INFORMATION
fixed length control field 091019t xxu||||| |||| 00| 0 eng d
020 ## - NUMERO INTERNATIONAL NORMALISE DES LIVRES
International Standard Book Number 13 978-28041-4703-7
040 ## - SOURCE DU CATALOGAGE
Original cataloging agency BUAC
Language of cataloging FR
Transcribing agency BAC
041 ## - CODE DE LANGUE
Language code of text/sound track or separate title FR
082 ## - DEWEY DECIMAL CLASSIFICATION NUMBER
Classification number 301.18 HEL
100 ## - VEDETTE PRINCIPALE - NOM DE PERSONNE
Personal name Hellriegel, Don
9 (RLIN) 1460
245 ## - TITLE STATEMENT
Title Management des organisations
Statement of responsibility, etc /Don Hellriegel; John W. Slocum
250 ## - EDITION STATEMENT
Edition statement 2éd.
260 ## - PUBLICATION, DISTRIBUTION, ETC. (IMPRINT)
Place of publication, distribution, etc Paris
Name of publisher, distributor, etc Nouveaux Horizons; de boeck
Date of publication, distribution, etc 2006
300 ## - PHYSICAL DESCRIPTION
Extent 727p.
Other physical details Couv. en coul.
Dimensions 24 cm
500 ## - GENERAL NOTE
General note Titre original:Organizational behavior
600 ## - SUBJECT ADDED ENTRY--PERSONAL NAME
Personal name Slocum, W. John
9 (RLIN) 1461
650 ## - SUBJECT ADDED ENTRY--TOPICAL TERM
Topical term or geographic name as entry element Management
9 (RLIN) 1462
650 ## - SUBJECT ADDED ENTRY--TOPICAL TERM
Topical term or geographic name as entry element Oganisation
9 (RLIN) 1463
650 ## - SUBJECT ADDED ENTRY--TOPICAL TERM
Topical term or geographic name as entry element Leadership
9 (RLIN) 1464
942 ## - ADDED ENTRY ELEMENTS (KOHA)
Koha item type Livre
Holdings
Withdrawn status Lost status Damaged status Not for loan Location (home branch) Sublocation or collection (holding branch) Date acquired Source of acquisition Koha issues (times borrowed) Koha full call number Piece designation (barcode) Koha date last seen Copy number Price effective from Koha item type
        Bibliothèque American Corner de l'UAC Bibliothèque American Corner de l'UAC 19/10/2009 Don CCA   301.18 HEL 00388BAC 19/10/2009 1 19/10/2009 Livre


© 2008, Bibliothèques de l'Université d'Abomey-Calavi

04 BP 789 Cotonou, Tél. : +229 21 36 01 01, Fax : +229 21 35 06 32

Courriel : bu@bu.uac.bj